000 00599nam a2200217Ia 4500
005 20250923150056.0
008 008 250917s9999 xx 000 0 eng d
037 _aTextual
040 _aDSWL
_beng
_cDSWL
041 _aeng
_2eng
084 _aYX,ZD, N99
_qDSWL
100 _aHopps, J.A.
_9841947
245 0 _aGroup work with overwhelmed clients
_c by J.A.Hopps
260 _aNew York
_b Free Press
_c1999
300 _a205p.
365 _aINR
_b1913.6
700 _a Hes Pinderhug
_9841948
925 _g1913.6
942 _cTEXL
_hYX,ZD, N99
999 _c1459279
_d1459279